الإحصائيات لـ مسابقة خريطة الشرق الأوسط

أنقر هنا لكي تخضع للإختبار!

الإحصائيات العامة

  • هذا الإختبار تم الخضوع له 812 مره
  • الدرجة المتوسطة هي 12 من 17

Answers on the Map

Answers color-coded by a green-red scale on the quiz's map according to % correct below.
 

إحصائيات الإجابة

Answer% صحيح
المملكة العربية السعودية
85%
مصر
84%
اليمن
77%
قبرص
77%
إيران
76%
البحرين
75%
العراق
75%
تركيا
73%
الأردن
73%
الاراضي الفلسطينية
73%
الكويت
73%
الإمارات العربية المتحدة
71%
دولة قطر
70%
سلطنة عمان
70%
سوريا
69%
إسرائيل
59%
لبنان
59%

توزيع النقاط

النسبة وفقا للأرقام

نسبة الأشخاص لكل درجة

سجل النقاط الخاصة بك

لم تضخع لهذا الإختبار